000 00921nam a2200253Ia 4500
003 OSt
005 20220923211104.0
006 a|||||r|||| 00| 0
007 ta
008 220922b |||||||| |||| 00| 0 hin d
020 _a8179170576 (hbk)
_c550
024 _a245,240
037 _b368, 11/02/2011, Swaraj Prakashan
_cTextual
040 _aARTS
_cARTS
_bhin
041 _2hin
_ahin
082 _aNW:(P152)0aY, 152P6
100 _aपारख, जवरीमल्ल
_9156272
245 0 _aहिन्दी सिनेमा का समाजशास्त्र
246 _aHindī sinemā kā samājashāstra
260 _aनयी दिल्ली
_b ग्रन्थ शिल्पी
_c2006
300 _a306पृ.
_ccm.
942 _hNW:(P152)0aY, 152P6
_cTEXL
_2CC
999 _c295064
_d295064